000 00608cam a2200145 4500500
005 20251012020620.0
041 _afre
042 _adc
100 1 0 _aKaptijn, Astrid
_eauthor
245 0 0 _aBIER Georg, Die Rechtsstellung des Diözesanbischofs nach dem Codex Iuris Canonici von 1983, coll. Forschungen zur Kirchenrechtswissenschaft 32, Echter Verlag, Würzburg, 2001, 476 p.
260 _c2005.
500 _a5
786 0 _nL'Année canonique | XLVII | 1 | 2005-02-11 | p. 373-375 | 0570-1953
856 4 1 _uhttps://shs.cairn.info/revue-l-annee-canonique-2005-1-page-373?lang=fr&redirect-ssocas=7080
999 _c1536197
_d1536197